000 00594nam a2200193Ia 4500
005 20260114185748.0
008 008 260114s9999 xx 000 0 eng d
020 _a9781501341823
037 _aEBOOK
040 _aCRL
_beng
_cCRL
041 _aeng
_2eng
084 _qCRL
100 _aAllison Leigh
_9874085
245 0 _aPicturing Russia?s Men Masculinity and Modernity in Nineteenth-Century Painting
260 _bBloomsbury
_c2020
856 _uhttps://doi.org/10.5040/9781501341823?locatt=label:secondary_bloomsburyCollections
942 _cEBOOK
999 _c1473021
_d1473021